Colaboración Ejército - Generalitat para las 'Rutas de aproximación al patrimonio cultural de Cataluña' en el ámbito del Principado
Descripción Física:
2 v. : taules ; 30 cm
Otros Autores:
Espanya. Ejército de Tierra
MARC
| LEADER | 00000nam a2200000Ia 4500 | ||
|---|---|---|---|
| 001 | 19625, 19626 | ||
| 008 | 160829s1983] xx 000 0 cat d | ||
| 080 | |a M-5-463, M-5-464 | ||
| 245 | |a Colaboración Ejército - Generalitat para las 'Rutas de aproximación al patrimonio cultural de Cataluña' en el ámbito del Principado | ||
| 260 | |a [s.l. : |b s.n., |c 1983] | ||
| 300 | |a 2 v. : |b taules ; |c 30 cm | ||
| 590 | |a Conté: v. 1: Unos primeros resultados; v. 2: Resultados 1a campaña/82, total participación = 5.454 | ||
| 590 | |a Exemplars ciclostilats. | ||
| 590 | |a Prové de S-624 | ||
| 650 | 0 | |a Patrimoni cultural |x Catalunya |9 47257 | |
| 650 | |a Difusió cultural |x Catalunya |9 47258 | ||
| 700 | |a Espanya. Ejército de Tierra |9 47259 | ||
| 710 | 1 | |a Catalunya. |b Generalitat |9 12125 | |
| 901 | |a Arxiu | ||
| 942 | |n 1 | ||
| 952 | |0 0 |1 0 |4 0 |6 M5463_M5464 |7 1 |9 53784 |a Arxiu |b Arxiu |d 2016-12-01 |l 0 |o M-5-463, M-5-464 |p 19625, 19626 |r 2016-12-01 00:00:00 |w 2016-12-01 |y ARXIU | ||
| 999 | |c 57650 |d 57650 | ||